00450nam a22001697a 4500003000400000005001700004008004100021020002200062040000900084082001700093100000900110245003100119260002700150300001000177630003700187650005600224OSt20250610123638.0250610b |||||||| |||| 00| 0 eng d a978-81-264-7760-9 cSBCL a894.3bAMA-P aAmal aPathakam Vazhakkolapathkam aKeralabDC Booksc2018 a152p. xLiterature, rhetoric & criticism 2Literature, rhetoric & criticismaOther literatures